| 000 | 00360nam a22001337a 4500 | ||
|---|---|---|---|
| 020 | _a0-8273-2380-8 | ||
| 082 | _a621.462 HER'I | ||
| 100 |
_aHERMAN, STEPHEN L , ALERICK, WALTER N _965603 |
||
| 245 | _aINDUSTRIAL MOTOR CONTROL | ||
| 260 |
_aNEWYORK _bDELMAR _c1985 |
||
| 300 | _a379P | ||
| 650 |
_aELECTRIC CONTROLLERS , ELECTRIC MOTORS _965604 |
||
| 942 | _cBK | ||
| 999 |
_c573766 _d573766 |
||